| 000 | 00741nam a22002171 4500 | ||
|---|---|---|---|
| 005 | 20050808122104.0 | ||
| 008 | 721219s1962 nyu 000 0 eng | ||
| 020 |
_a9788172237202 _c295.00 |
||
| 020 |
_a9788172237202 _c295.00 |
||
| 037 | _bAakar Books | ||
| 040 |
_adpl _bEnglish |
||
| 082 | _aN | ||
| 100 | _aBasu, Kunal | ||
| 245 |
_aThe opium clerk / _cby Inez Baranay |
||
| 260 |
_aNoida _bHarper-Collins Publishers India _c2008 |
||
| 270 |
_aA-53, Sector-57, Noida _bUttar Pradesh _e201301 |
||
| 300 |
_a303p _c22 cm (pbk) |
||
| 942 |
_2ddc _cEN _hN _mBAS |
||
| 999 |
_c23885 _d23885 |
||